Statistics for The Beatles Trivia

Click here to take the quiz!

General Stats

  • This quiz has been taken 3,401 times
    (3,400 since last reset)
  • The average score is 10 of 15

Answer Stats

HintAnswer% Correct
From which UK city did The Beatles originate?Liverpool
99%
Which two Beatles are left-handed?Paul and Ringo
87%
John stated in an interview that the group was "more popular than _____," causing an outrage among Christians.Jesus
86%
During their early years, The Beatles performed at clubs in which German city?Hamburg
76%
The Beatles' first movie was called...A Hard Day's Night
71%
Who managed the group up until his death in 1967?Brian Epstein
71%
List The Beatles in order from oldest to youngest.Ringo, John, Paul, George
70%
The Beatles made their live television debut on what American TV show?The Ed Sullivan Show
70%
Which folk musician introduced The Beatles to marijuana?Bob Dylan
68%
Which Beatles song was inspired by one of Julian Lennon's drawings?Lucy in the Sky with Diamonds
65%
What was The Beatles' first #1 song in the US?I Want to Hold Your Hand
64%
Which song was the last to be recorded collectively by all four Beatles?The End
40%
The Beatles played their last concert in 1966 at ___________ Park in San Francisco.Candlestick
33%
What was the name of the first song written by George Harrison?Don't Bother Me
30%
Ringo could not go on the 1964 Australia tour because he was sick with what?tonsillitis
25%

Score Distribution

Percentile by Number Answered

Percent of People with Each Score

Your Score History

You have not taken this quiz since the last reset